Object-Oriented Development <The> Fusion Method

Gespeichert in:
Bibliographische Detailangaben
Format: Buch
Sprache:Englisch
Veröffentlicht: Englewood Cliffs Prentice Hall 1994
Ausgabe:1. ed.
Schlagworte:
Tags: Tag hinzufügen
Keine Tags, Fügen Sie das erste Tag hinzu!

MARC

LEADER 00000nam a2200000 4500
001 c010243
005 20221205140851.3
020 |a 0-13-338823-9 
041 0 |a eng 
044 |a US 
245 1 0 |a Object-Oriented Development  |b <The> Fusion Method 
250 |a 1. ed. 
264 1 |a Englewood Cliffs  |b Prentice Hall  |c 1994 
300 |a 314 s. 
610 2 0 |a programy počítačové 
610 2 0 |a informatika 
610 2 0 |a veda 
610 2 0 |a programovanie 
610 2 0 |a analýza systémov 
610 2 0 |a vývoj 
610 2 0 |a fúzie 
610 2 0 |a softvér 
610 2 0 |a metódy distribučné 
610 2 0 |a štúdie prípadové